000 00286nam a2200109Ia 4500
001 588698
005 20250717120836.0
008 250717s9999 xx 000 0 und d
245 0 _aY-4 II .ABDÜLHAMİDİN ÇOCUKLUK DERSLERİ
_cELİF AYLA
260 _bHAYY YAYINLARI
_c2018
300 _b95
999 _c588698
_d588698